000 01164 a2200229 4500
020 _a978-1-84628-247-8
040 _aDLC
_bDLC
082 _a621.8312
100 1 _aCodrons, Benoî´®
245 1 0 _aProcess Modelling for Control: A Unified Framework Using Standard Black-box Techniques
_bA Unified Framework Using Standard Black-box Techniques
_cCodrons, Benoit
260 _aLondon :
_bSpringer-Verlag London Limited,
_c2005.
300 _bv.: digital
440 0 _aAdvances in Industrial Control,
650 0 _aProcess control
_xMathematical models.
650 0 _aReglerteknik
650 0 _aAutomatic control
710 2 _aSpringerLink (Online service)
856 4 0 _uhttp://www.lub.lu.se/cgi-bin/ipchk/http://dx.doi.org/10.1007/1-84628-247-0
856 4 0 _uhttp://link.libris.kb.se/sfxumub?url_ver=Z39.88-2004&ctx_ver=Z39.88-2004&ctx_enc=info:ofi/enc:UTF-8&rfr_id=info:sid/sfxit.com:opac_856&url_ctx_fmt=info:ofi/fmt:kev:mtx:ctx&sfx.ignore_date_threshold=1&rft.object_id=1000000000229223&svc_val_fmt=info:ofi/fmt:kev:mtx:sch_svc&
856 4 0 _uhttp://ezproxy.its.uu.se/login?url=http://dx.doi.org/10.1007/1-84628-247-0
942 _cBK
_k621.8312 COD
_2ddc
999 _c8559
_d8559